00466nam a2200157Ia 450000500170000000800460001703700180006304000200008104100130010108400240011410000130013824500960015126000090024730000090025654600430026520250508155849.0008 250505s9999 xx 000 0 eng d aDissertations aFEDLbengcFEDL aeng2eng a370.7, JAI/DIqFEDL aJain B K 0aPhilosophy of teacher education as held by some of the teacher educators I.N.U.P. and Delhi c1964 a81p. aM. Ed. Dissertation (Delhi University)